Clubs in the US Soccer Pyramid (2026) - Statistics

General Stats
  • This quiz has been taken 7 times
  • The average score is 54 of 70
Answer Stats
Hint Answer % Correct
Idaho USL League One Athletic Club Boise
100%
Georgia Major League Soccer Atlanta United
100%
Texas Major League Soccer Austin FC
100%
Alabama USL Championship Birmingham Legion
100%
Illinois Major League Soccer Chicago Fire
100%
Colorado Major League Soccer Colorado Rapids
100%
Colorado USL Championship Colorado Springs Switchbacks
100%
Ohio Major League Soccer Columbus Crew
100%
District of Columbia Major League Soccer DC United
100%
Michigan USL Championship Detroit City FC
100%
Texas Major League Soccer FC Dallas
100%
Texas Major League Soccer Houston Dynamo
100%
California Major League Soccer LAFC
100%
California Major League Soccer LA Galaxy
100%
Nevada USL Championship Las Vegas Lights
100%
Kentucky USL Championship Louisville City FC
100%
Minnesota Major League Soccer Minnesota United
100%
Massachusetts Major League Soccer New England Revolution
100%
New York Major League Soccer New York City FC
100%
New York Major League Soccer New York Red Bulls
100%
Pennsylvania Major League Soccer Philadelphia Union
100%
Arizona USL Championship Phoenix Rising
100%
Oregon Major League Soccer Portland Timbers
100%
Utah Major League Soccer Real Salt Lake
100%
Rhode Island USL Championship Rhode Island FC
100%
California USL Championship Sacramento Republic
100%
Texas USL Championship San Antonio FC
100%
California Major League Soccer San Diego FC
100%
California Major League Soccer San Jose Earthquakes
100%
Washington Major League Soccer Seattle Sounders
100%
New York USL Championship Brooklyn FC
86%
South Carolina USL Championship Charleston Battery
86%
North Carolina Major League Soccer Charlotte FC
86%
Oklahoma USL Championship FC Tulsa
86%
Wisconsin USL League One Forward Madison
86%
Connecticut USL Championship Hartford Athletic
86%
Florida Major League Soccer Inter Miami
86%
Kentucky USL Championship Lexington SC
86%
Tennessee Major League Soccer Nashville SC
86%
California USL Championship Oakland Roots
86%
Tennessee USL League One One Knoxville
86%
Virginia USL League One Richmond Kickers
86%
Washington USL League One Spokane Velocity
86%
Kansas Major League Soccer Sporting Kansas City
86%
Missouri Major League Soccer St. Louis City SC
86%
Nebraska USL League One Union Omaha
86%
Tennessee USL League One Chattanooga Red Wolves
71%
Ohio Major League Soccer FC Cincinnati
71%
South Carolina USL League One Greenville Triumph
71%
Indiana USL Championship Indy Eleven
71%
Florida USL Championship Miami FC
71%
New Mexico USL Championship New Mexico United
71%
California USL Championship Orange County SC
71%
Virginia USL Championship Loudoun United
57%
Florida USL Championship Tampa Bay Rowdies
57%
New York USL League One Westchester SC
57%
Florida Major League Soccer Orlando City SC
43%
Pennsylvania USL Championship Pittsburgh Riverhounds
43%
Florida USL League One FC Naples
29%
Indiana USL League One Fort Wayne FC
29%
California USL Championship Monterey Bay FC
29%
New York USL League One New York Cosmos
29%
North Carolina USL Championship North Carolina FC
29%
Colorado USL League One Northern Colorado Hailstorm
29%
Florida USL League One Sarasota Paradise
29%
California USL League One AV Alta FC
14%
North Carolina USL League One Charlotte Independence
14%
Texas USL League One Corpus Christi FC
14%
Georgia USL League One South Georgia Tormenta
14%
Florida USL Championship Sporting Club Jacksonville
14%
No matching quizzes found
Score Distribution
Percent of People with Each Score
Percentile by Number Answered
Your Score History
You have not taken this quiz